000 00813nam a22002537a 4500
003 DO-SdBNP
005 20240806102147.0
008 161202b 2005 sp a| 00| 0 spa d
020 _a8496412571
040 _aBPMSU
_bspa
_cBPMSU
082 4 _a843.47
_bP454c 2005
_222
100 1 _aPerrault, Charles
_d1628-1703
_968
245 1 0 _aCaperucita roja /
_cCharles Perrault ; ilustración Alejandra Viacava
260 _aBarcelona :
_bDiario El País,
_c2005.
300 _a46 p. :
_bil.,
_c20 cm.
490 0 _aCuentos infantiles,
_v3
590 _aInventariado, 2024/VM
650 4 _aCuentos infantiles franceses
650 4 _aLiteratura infantil francesa
650 4 _aLobos
_vCuentos infantiles
700 1 _aViacava, Alejandra,
_eilustración
910 _aVMateo V. Control de calidad. BPMSU
942 _2ddc
_cBK
999 _c12237
_d12237